000 00692nam a2200265Ia 4500
001 1624
005 20240113233508.0
007 ta
008 050208s1399 g b000 u ben u
040 _aREf.Stack
041 _aben
082 _a891.44408
_bBo 64 Ba
100 _aBanerjee, Bibhutibhusun .
245 0 _aBibhuti rachanawali /
_cBibhutibhusan Banerjee.
_hTextual Documents
250 _a1st ed /
260 _aCalcutta :
_bMittra Ou Gosh Publishers ,
_c1399.
300 _a373p. ;
_c24cm..
500 _aIt has twelve volumes
653 _aBengali literature
653 _aT/G-Bengali
942 _2ddc
_cBK
999 _c1620
_d1620